| 000 | 03544cam a22012254i 4500 | ||
|---|---|---|---|
| 003 | PE-LiUPU | ||
| 005 | 20250813185650.0 | ||
| 008 | 150616s r 000 0 d | ||
| 020 | _a0935501894 | ||
| 035 | _a(Sirsi) i9780935501896 | ||
| 040 |
_aPE-LiUPU _bspa _cPE-LiUPU _erda |
||
| 049 | _aPRUA | ||
| 082 | 0 | 4 |
_a321.40973 _bN55 _221 |
| 245 | 0 | 3 |
_aUn nuevo momento en nuestra América / _cRobert S. Leiken, ed. |
| 264 | 1 |
_aNew York : _bCentro Norte-Sur de la Universidad de Miami, _c1994. |
|
| 300 |
_a136 páginas : _bil ; _c24 centímetros |
||
| 336 |
_atext _2rdacontent |
||
| 337 |
_aunmediated _2rdamedia |
||
| 338 |
_avolume _2rdacarrier |
||
| 504 | _aBibliografía al final de cada capítulo. | ||
| 505 | 0 | _aLa democracia norteamericana es una perspectiva comparada.- El torcido árbol de la democracia.- Democracia y ciudadanía en la actualidad latinoamericana.- Democracia y populismo.- La pérdida de la sociedad civil y la decadencia de la fe democrática liberal.- Los indios y los mexicano-americanos.- Los Estados Unidos de América vistos por una escritora hispana.- A la sombra de los dioses prefabricados.- El siglo XXI entre nosotros.- México y Estados Unidos: posiciones y contraposiciones.- La integración cultural de América Latina y el fin de siglo.- La transmisión cultural y el cosmos norteamericano. | |
| 526 | _aP202 | ||
| 526 | _aP201 | ||
| 526 | _aP163 | ||
| 526 | _aP162 | ||
| 526 | _aP161 | ||
| 526 | _aP160 | ||
| 526 | _aP148 | ||
| 526 | _aP147 | ||
| 526 | _aP146 | ||
| 526 | _aP145 | ||
| 526 | _aP144 | ||
| 526 | _aP143 | ||
| 526 | _aP142 | ||
| 526 | _aP141 | ||
| 526 | _aP140 | ||
| 526 | _aP139 | ||
| 526 | _aP138 | ||
| 526 | _aP137 | ||
| 526 | _aP136 | ||
| 526 | _aP135 | ||
| 526 | _aP134 | ||
| 526 | _aP133 | ||
| 526 | _aP129 | ||
| 526 | _aP128 | ||
| 526 | _aP127 | ||
| 526 | _aP120 | ||
| 526 | _aP119 | ||
| 526 | _aP118 | ||
| 526 | _aP116 | ||
| 526 | _aP115 | ||
| 526 | _aP114 | ||
| 526 | _aP110 | ||
| 526 | _aP109 | ||
| 526 | _aP108 | ||
| 526 | _aP104 | ||
| 526 | _aP103 | ||
| 526 | _aP102 | ||
| 526 | _aP99 | ||
| 526 | _aP98 | ||
| 526 | _aP97 | ||
| 526 | _aP96 | ||
| 526 | _aP95 | ||
| 526 | _aP93 | ||
| 526 | _aP90 | ||
| 526 | _aP89 | ||
| 526 | _aP88 | ||
| 526 | _aP83 | ||
| 526 | _aP82 | ||
| 526 | _aP62 | ||
| 526 | _aP59 | ||
| 526 | _aP58 | ||
| 526 | _aP57 | ||
| 526 | _aP51 | ||
| 526 | _aP49 | ||
| 526 | _aP48 | ||
| 526 | _aP47 | ||
| 526 | _aP29 | ||
| 526 | _aP24 | ||
| 526 | _aP20 | ||
| 526 | _aP19 | ||
| 526 | _aP17 | ||
| 526 | _aP15 | ||
| 526 | _aP14 | ||
| 526 | _aP12 | ||
| 526 | _aP10 | ||
| 526 | _aP09 | ||
| 526 | _aP08 | ||
| 526 | _aP07 | ||
| 526 | _aP06 | ||
| 526 | _aP05 | ||
| 526 | _aP04 | ||
| 526 | _aP01 | ||
| 651 | 4 |
_aEstados Unidos _xRelaciones (Generales) con Hispanoamérica _vCongresos. |
|
| 651 | 4 |
_aAmérica Latina _xCivilización _vCongresos. |
|
| 650 | 1 | 4 |
_aEstados Unidos _xCivilización _vCongresos. |
| 700 | 1 |
_aLeiken, Robert S., _eeditor. |
|
| 910 |
_ajck _bjvq _cjck |
||
| 942 |
_2ddc _cBOOK |
||
| 949 |
_a321.40973 N55 _wDEWEY _c1 _i42960 _lCCODEBUL1 _mBUL _r0 _sY _tBOOK _u2015-6-16 _xEDUCACION _PP20 _0COMPRA _o.STAFF. Colección General |
||
| 994 |
_aC0 _bPEPRU |
||
| 596 | _a1 | ||
| 999 |
_a321.40973 N55 _wDEWEY _c60929 _i42960 _f2021-11-5 _g5 _lCCODEBUL1 _mBUL _r0 _sY _tBOOK _u2015-6-16 _xBIBLIOTECA _PP20 _0COMPRA _o.STAFF. Colección General _d60929 |
||
| 980 |
_81 _gALBERTO SANCHEZ Responsable de Automatización |
||